00840nam a22002297a 450000500170000001000150001702000260003203500130005803700130007108200080008424500710009226000300016327000680019330000340026149000220029550000510031752000620036870000200043094200220045099900170047295201210048920140728120813.0 aENG-110074 a9789380607054c695.00 aEN-93607 bDBAD/PUB a954 aConvergence :cedited by Radhika Seshanbrethinking India's past / aDelhibPrimus Booksc2014 aVirat Bhavan, Mukherjee Nagar Commercial ComplexbDelhie110009 a134p. : c24cm(Hb)bill.,maps aIssues in history aIncludes bibliographical references and index. aPapers presented at a meeting held at University of Pune. aSeshan, Radhika 2ddccENmCONh954 c84499d84499 001040718NFICaDBADbDBADd2014-05-23eDBAD/PUBg695.00l0o954 CONpEN-93607r2014-05-23 00:00:00t1v695.00yEN